| 000 | 00711nam a2200229 a 4500 | ||
|---|---|---|---|
| 001 | 000025643 | ||
| 005 | 20200930023935.0 | ||
| 008 | 110216s1967 sp r 000 |aspa d | ||
| 020 | _a9803171763 | ||
| 040 |
_aDO-SdBNP _bspa _cBNPHU |
||
| 082 |
_axxx _bL923, 1967 |
||
| 100 | 1 |
_aRibadeneyra, Pedro de _952377 |
|
| 245 | 1 | 0 |
_aVida de Ignacio de Loyola / _cPedro de Ribadeneyra. |
| 250 | _a3a ed. | ||
| 260 |
_aMadrid : _bEspasa-Calpe, _c1967. |
||
| 300 |
_a241 p. : ; _c18 cm. |
||
| 490 | 1 |
_aAustral. Biografías y Vida Novelescas _v634. |
|
| 700 | 1 |
_aClemens, Harry, _eed. _952360 |
|
| 700 | 1 |
_aRubén, Raúl , _ved. _952361 |
|
| 830 | 0 |
_aAustral. _pBiografías y Vida Novelescas, _v634 _952378 |
|
| 049 | _aBNGR | ||
| 999 |
_c25135 _d25135 |
||